header

Uniter of heaven and earth (Record no. 104200)

MARC details
000 -LEADER
fixed length control field 01553nam a2200373Ia 4500
082 04 - DEWEY DECIMAL CLASSIFICATION NUMBER
Classification number 296.8/332/092
-- B
100 1# - MAIN ENTRY--AUTHOR NAME
Personal name Krassen, Miles.
245 10 - TITLE STATEMENT
Title Uniter of heaven and earth
260 ## - PUBLICATION, DISTRIBUTION, ETC. (IMPRINT)
Place of publication Albany, N.Y. :
Name of publisher State University of New York Press,
Year of publication c1998.
300 ## - PHYSICAL DESCRIPTION
Number of Pages 309 p.
650 #0 - SUBJECT ADDED ENTRY--TOPICAL TERM
Topical Term Rabbis
Topical Term Hasidim
Topical Term Hasidism
856 40 - ELECTRONIC LOCATION AND ACCESS
Uniform Resource Identifier http://site.ebrary.com/lib/rucke/Doc?id=10588734

No items available.

© 2026 Rongo University
Contact us: librarian | system librarian | Rongo university